00430nam a2200157Ia 4500001000500000005001700005008004100022041000800063082001500071100003200086245010100118260000900219300002800228650000800256654000800264860820260306160622.0260306t2013||||xx |||||||||||||| ||spa|| aESP a371.2bG63 aGómez Dacal, GonzaloeAUT 0aClaves para la excelencia educativa:borganizaciones escolares únicas y excepcionales Dantotsu c2013 a428 páginas :c24 cm. aGEN aCED